000 00895nam a22001815i 4500
001 161329
003 ES-MaACL
005 20230906212249.0
008 041015s1856 fr |||| | fre d
040 _aCAM
_bspa
_cCAM
100 1 _aPambrun, Ariste.
_9130810
245 1 0 _aManuel du baigneur a Bagnères-de-Bigorre
_b: ouvrage indispensable à ceux qui font usage des différentes sources salines, ferrugineuses et sulfureuses de divers établissements de cette ville /
_cpar Ar. Pambrun.
260 _aBagnères-de-Bigorre :
_bJ.-M. Dossun, Libraire-éditeur,
_c1856 (
_fImprimerie de J.-M. Dossun)
300 _aIV, 336 p. ;
_c18 cm.
650 4 _aAguas minerales-
_zFrancia.
_9135524
650 4 _aBalnearios-
_zBagnères-de-Bigorre.
_9135663
852 _aES-MaACL
_jG-10726
_z-- Enc. hol.
_z-- Ded. ms. de Emilio Saenz Diez: "A la Biblioteca de "Los escolares médicos". El socio fundador"
999 _c161329
_d161329